000 00649nam a2200241Ia 4500
003 OSt
005 20221005101715.0
006 a|||||r|||| 00| 0
007 ta
008 221004b |||||||| |||| 00| 0 guj d
024 _a40755
037 _cTextual
040 _aCRL
_cCRL
_bguj
041 _2guj
_aguj
082 _aB9xD476,1, 15L7
100 _aSambasivasastri K. Au.
_9622546
245 0 _aAryabhatiya
260 _aTrivandrum
_bChemmanam chacko India
_c1977
300 _a175p.
_ccm.
650 _aMATHEMATICS
942 _hB9xD476,1, 15L7
_cTEXL
_2cc
999 _c1007239
_d1007239